000 00909nas a2200313 4500
001 BR2013007727
003 BR-BrBNA
005 20231205123013.0
007 ta
008 230509b bl.|||p| |||| 00| 00por d
040 _aBR-BrBNA
_bpor
_cBiblioteca Nacional de Agricultura
041 _a(Pt)
072 _aF30
100 1 _aMendonça, K.H.
100 1 _aDuarte,n D.A. dos S.
100 1 _aCosta, V.A. de M.
100 1 _aMatos, G.R.
100 1 _aSeleguini, A.
245 1 _aAvaliação de genótipos de bananeira em Goiânia, estado de Goiás
650 _aBANANA
650 _aGENÓTIPO
650 _aCRESCIMENTO
650 _aPRODUÇÃO
650 _aSELEÇÃO GENÉTICA
650 _aGOIÁS
773 0 _tRevista Ciência Agronômica (Brazil)
_xISSN 0045-6888
_g(Jul-Sep 2013), v.44(3) p. 652-660
_wBR2013007727
909 _a202311
_bLúcia
_c55
_dLúcia Elande
942 _2AGRIS
_n0
_cANA
999 _c231714
_d231714